| 000 | 00997nam a22002055i 4500 | ||
|---|---|---|---|
| 001 | 157102 | ||
| 003 | ES-MaACL | ||
| 005 | 20250824063051.0 | ||
| 008 | 040809s1862 sp |||| | spa d | ||
| 040 |
_aCAM _bspa _cCAM |
||
| 100 | 1 |
_aLarra y Wetoret, Luis Mariano de, _d1830-1901 _970289 |
|
| 245 | 1 | 0 |
_aFlores y perlas _b: drama en tres actos y en verso / _cpor Luis Mariano de Larra. |
| 250 | _a3ª ed. | ||
| 260 |
_aMadrid : _b[s.n.], _c1862 ( _fImprenta de José Rodriguez) |
||
| 300 |
_a77 p. ; _c19 cm. |
||
| 500 | _aEn port.: Representado por primera vez en el teatro de Variedades el 15 de diciembre de 1860. | ||
| 596 | _aEn la pag .7 consta: "Los comisionados de la Galeria dramática y lírica titulada El Teatro, son los exclusivos encargados ..." | ||
| 852 |
_aES-MaACL _jF-8612(4) _z-- Enc. pasta española _q-- Falto de la cub. original _z-- Enc. en un vol. facticio formando parte de la col. facticia "Teatro español moderno", vol. 67 |
||
| 999 |
_c157102 _d157102 |
||